000 00605nam a2200181 a 4500
001 8818
005 20180713192756.0
008 140415s1992 xxu 000 0 eng d
041 _aeng
082 _a354.931
_bDUN
100 1 _aDUNCAN, LAN
245 1 0 _aCORPORATIZATION AND PRIVATIZATION :
_bLESSONS FROM NEW ZEALAND
250 _a1a ed.
260 _aESTADOS UNIDOS DE AMERICA :
_bOXFORD UNIVERSITY PRESS,
_c1992
300 _a194
650 1 4 _aCORPORACIONES OFICIALES
_xNUEVA ZELANDA
_xNUEVA ZELANDA
_xPOLITCA ECONOMICA
_xPRIVATIZACION
_xNUEVA ZELANDA
700 1 _aBOLLARD, ALAN
_ecoaut.
999 _c8818
_d8818